Lanean...
Environmental governance : the global challenge /
| Egile nagusia: | |
|---|---|
| Formatua: | Printed Book |
| Argitaratua: |
Washington :
Island press,
1996.
|
| Gaiak: |
| LEADER | 00518nam a22001457a 4500 | ||
|---|---|---|---|
| 020 | |a 1559634472 | ||
| 082 | |a 363.7 |b HEM.E | ||
| 100 | |a Hempel, Lamont C. | ||
| 245 | |a Environmental governance : |b the global challenge / |c by Lamont C Hempal. | ||
| 260 | |a Washington : |b Island press, |c 1996. | ||
| 300 | |a 291 p. | ||
| 650 | |a environmental protection | ||
| 942 | |c BK | ||
| 999 | |c 311021 |d 311021 | ||
| 952 | |0 0 |1 0 |4 0 |6 363_700000000000000_HEM_E |7 0 |8 NFIC |9 332463 |a POL |b POL |c GEN |d 2020-11-16 |l 0 |o 363.7 HEM.E |p POL16859 |r 2020-11-16 |w 2020-11-16 |y BK | ||